[Event "7th Paleochora Open 2014"]
[Site "Paleochora GRE"]
[Date "2014.07.23"]
[Round "4.4"]
[White "Kapnisis, Spyridon"]
[Black "Kharitonov, Alexandr"]
[Result "1/2-1/2"]
[WhiteTitle "GM"]
[BlackTitle "GM"]
[WhiteElo "2455"]
[BlackElo "2554"]
[WhiteFideId "4203445"]
[BlackFideId "4135202"]
[EventDate "2014.07.21"]

1. d4 Nf6 2. c4 e6 3. Nc3 Bb4 4. e3 O-O 5. Bd3 d5 6. Ne2 b6 7. a3 Bd6 8. e4 dxe4
9. Nxe4 Bb7 10. Nxd6 cxd6 11. O-O 1/2-1/2

[Event "7th Paleochora Open 2014"]
[Site "Paleochora GRE"]
[Date "2014.07.23"]
[Round "4.5"]
[White "Rychagov, Andrey"]
[Black "Skembris, Spyridon"]
[Result "1/2-1/2"]
[WhiteTitle "GM"]
[BlackTitle "GM"]
[WhiteElo "2543"]
[BlackElo "2473"]
[WhiteFideId "4119932"]
[BlackFideId "4200020"]
[EventDate "2014.07.21"]

1. d4 Nf6 2. c4 e6 3. Nf3 d5 4. Nc3 Be7 5. Bf4 O-O 6. a3 c5 7. dxc5 Bxc5 8. e3
Nc6 9. Qc2 Qa5 10. Rd1 Ne4 11. cxd5 Nxc3 12. bxc3 exd5 13. a4 g6 14. Be2 Bf5 15.
Bd3 Bxd3 16. Rxd3 Rfd8 17. O-O b5 18. axb5 Qxb5 1/2-1/2

[Event "7th Paleochora Open 2014"]
[Site "Paleochora GRE"]
[Date "2014.07.23"]
[Round "4.6"]
[White "Petrov, Marijan"]
[Black "Zinchenko, Yaroslav"]
[Result "1/2-1/2"]
[WhiteTitle "GM"]
[BlackTitle "GM"]
[WhiteElo "2438"]
[BlackElo "2532"]
[WhiteFideId "2901773"]
[BlackFideId "14110547"]
[EventDate "2014.07.21"]

1. e4 c5 2. Nc3 Nc6 3. f4 e6 4. Nf3 Nge7 5. d4 cxd4 6. Nxd4 Nxd4 7. Qxd4 Nc6 8.
Qf2 d5 9. Bd3 d4 10. Ne2 Bb4+ 11. Kf1 Bc5 12. a3 a5 13. Ng3 O-O 14. Bd2 f5 15.
exf5 exf5 16. Re1 Qd6 1/2-1/2

[Event "7th Paleochora Open 2014"]
[Site "Paleochora GRE"]
[Date "2014.07.23"]
[Round "4.7"]
[White "Pap, Misa"]
[Black "Anurag, Mhamal"]
[Result "0-1"]
[WhiteTitle "GM"]
[BlackTitle "IM"]
[WhiteElo "2514"]
[BlackElo "2405"]
[WhiteFideId "921610"]
[BlackFideId "5024366"]
[EventDate "2014.07.21"]

1. e4 c5 2. Nf3 g6 3. d4 cxd4 4. Nxd4 Bg7 5. c4 Nc6 6. Nc2 d6 7. Be2 Nh6 8. O-O
f5 9. Nc3 O-O 10. exf5 Nxf5 11. Rb1 Be6 12. Nd5 Rc8 13. b3 Qa5 14. a3 Bd7 15.
Bd2 Qd8 16. Bc3 e6 17. Bxg7 Kxg7 18. Nde3 e5 19. Bf3 Nxe3 20. Nxe3 Qe7 21. Bxc6
bxc6 22. Rb2 Rcd8 23. Rd2 Be6 24. Re1 Qf6 25. f3 Bc8 26. b4 a6 27. Qb3 Qg5 28.
Qd1 Rf6 29. Kh1 Qh4 30. Kg1 Rdf8 31. Qe2 Qg5 32. Kh1 h5 33. Rc2 Rf4 34. Rd2 e4
35. fxe4 Rxe4 36. h3 Qg3 37. Rd3 Kh7 38. Rf1 Rfe8 39. Rf3 Qe5 40. Qf2 Be6 41.
Rd1 Bg8 42. Nf1 Bxc4 43. Rf6 Re2 44. Qh4 Bd5 45. Rf2 Re4 46. Qg3 Qxg3 47. Nxg3
Re3 48. Kh2 Rxa3 49. Rdd2 Rb3 50. Rf6 Re1 51. Rf4 g5 52. Rfd4 h4 53. Nh1 g4 54.
Rxg4 Rxh3+ 0-1

[Event "7th Paleochora Open 2014"]
[Site "Paleochora GRE"]
[Date "2014.07.23"]
[Round "4.8"]
[White "Kourkoulos-Arditis, Stamatis"]
[Black "Werle, Jan"]
[Result "0-1"]
[WhiteTitle "FM"]
[BlackTitle "GM"]
[WhiteElo "2330"]
[BlackElo "2511"]
[WhiteFideId "4221990"]
[BlackFideId "1006088"]
[EventDate "2014.07.21"]

1. Nf3 Nf6 2. c4 e6 3. g3 d5 4. Bg2 Be7 5. O-O O-O 6. d4 dxc4 7. Qc2 a6 8. a4
Bd7 9. Qxc4 Bc6 10. Bg5 Bd5 11. Qd3 Be4 12. Qe3 Nbd7 13. Nc3 Bg6 14. Rfd1 c6 15.
Qf4 h6 16. Bxf6 Bxf6 17. e4 Qa5 18. Qd6 Rfd8 19. b4 Qb6 20. a5 Qa7 21. Qf4 Be7
22. Rab1 b6 23. Na4 bxa5 24. bxa5 Rab8 25. Rbc1 Rb4 26. Nc3 Rb2 27. Rf1 Bb4 28.
Nd1 Ra2 29. Rxc6 Bxa5 30. Ne3 Bb6 31. Nc4 Bxd4 32. Nxd4 Qxd4 33. Qc7 Nf6 34. Ne5
Ra1 35. Rcc1 Rxc1 36. Rxc1 Rf8 37. Nxg6 fxg6 38. Qc6 Ng4 39. Qxe6+ Kh7 40. Qxg4
Rxf2 41. Kh1 Rxg2 42. Kxg2 Qd2+ 43. Kh3 Qxc1 44. Qe2 Qc8+ 45. Kg2 Qc6 46. Kg1
Qb5 47. Qe1 Qe5 48. h4 a5 49. Kh2 h5 50. Kg2 Qb2+ 51. Kf3 a4 52. e5 a3 53. e6 a2
54. e7 a1=Q 55. e8=Q Qaa2 56. Q1e2 Qxe2+ 57. Qxe2 Qxe2+ 58. Kxe2 g5 59. Kf3 Kg6
60. Ke3 Kf5 61. Kf3 gxh4 62. gxh4 g6 0-1

[Event "7th Paleochora Open 2014"]
[Site "Paleochora GRE"]
[Date "2014.07.23"]
[Round "4.9"]
[White "Zubarev, Alexander1"]
[Black "Farahat, Ali"]
[Result "1-0"]
[WhiteTitle "GM"]
[BlackTitle "IM"]
[WhiteElo "2583"]
[BlackElo "2374"]
[WhiteFideId "14104385"]
[BlackFideId "10600507"]
[EventDate "2014.07.21"]

1. d4 Nf6 2. Nf3 e6 3. c4 d5 4. Nc3 Be7 5. Bf4 O-O 6. e3 c5 7. dxc5 Bxc5 8. cxd5
exd5 9. Bd3 Nc6 10. O-O d4 11. Ne4 Nxe4 12. Bxe4 dxe3 13. Qc2 exf2+ 14. Kh1 Qb6
15. Bxh7+ Kh8 16. Be4 Be3 17. Bxe3 Qxe3 18. Rxf2 Nb4 19. Qe2 Qxe2 20. Rxe2 Nc6
21. a3 Bg4 22. Re3 Rad8 23. Rae1 Rfe8 24. Ng5 Rf8 25. h3 Be6 26. Nxe6 fxe6 27.
Bxc6 bxc6 28. Rxe6 Rd2 29. Rxc6 Rxb2 30. Re7 Rb6 31. Rc3 Rg6 32. Kh2 a6 33. g4
Rd6 34. Kg3 Rfd8 35. Rce3 Rd3 36. Kf3 R8d4 37. Rxd3 Rxd3+ 38. Re3 Rd4 39. Rc3
Kh7 40. Ke3 Ra4 41. Kd3 Rf4 42. Ke3 Ra4 43. Kd2 Rf4 44. Kc2 a5 45. Rc5 a4 46.
Rf5 Rc4+ 47. Kd3 Rc1 48. Rf4 Rh1 49. Kc3 Rxh3+ 50. Kb4 Kg6 51. Kxa4 Kg5 52. Re4
Rf3 53. Kb4 Kh4 54. a4 g5 55. a5 Rf4 56. Rc4 Rf8 57. a6 Rf7 58. Kb5 Re7 59. Ra4
Re5+ 60. Kc6 Re6+ 61. Kd7 1-0

[Event "7th Paleochora Open 2014"]
[Site "Paleochora GRE"]
[Date "2014.07.23"]
[Round "4.10"]
[White "Mirzoev, Azer"]
[Black "Djingarova, Emilia"]
[Result "1-0"]
[WhiteTitle "GM"]
[BlackTitle "WGM"]
[WhiteElo "2554"]
[BlackElo "2303"]
[WhiteFideId "13400304"]
[BlackFideId "2903229"]
[EventDate "2014.07.21"]

1. d4 Nf6 2. c4 e6 3. Nc3 Bb4 4. Qc2 d6 5. a3 Bxc3+ 6. Qxc3 Nbd7 7. Nh3 b6 8. f3
Bb7 9. e4 e5 10. d5 a5 11. b3 Nc5 12. Be3 O-O 13. Be2 Bc8 14. Nf2 Ne8 15. O-O a4
16. b4 Nb3 17. Rae1 f5 18. f4 exf4 19. Bxf4 Qf6 20. e5 dxe5 21. Bxe5 Qh6 22. Nd3
Qd2 23. Nf4 Qxc3 24. Bxc3 Nd6 25. Bd3 Ba6 26. Ne6 Rf7 27. b5 Bb7 28. Bb4 Rc8 29.
Ng5 Rff8 30. Bxd6 cxd6 31. Bxf5 Rxf5 32. Rxf5 h6 33. Ne4 Rd8 34. h3 Bc8 35. Rf4
Kh7 36. Kh2 Kg6 37. Re3 Na5 38. Rg3+ 1-0

[Event "7th Paleochora Open 2014"]
[Site "Paleochora GRE"]
[Date "2014.07.23"]
[Round "4.11"]
[White "Rombaldoni, Axel"]
[Black "Hristodoulou, Panagiotis"]
[Result "1-0"]
[WhiteTitle "GM"]
[WhiteElo "2505"]
[BlackElo "2242"]
[WhiteFideId "815837"]
[BlackFideId "4214340"]
[EventDate "2014.07.21"]

1. d4 d5 2. c4 c6 3. Nf3 Nf6 4. Nbd2 Bf5 5. Nh4 Be6 6. e3 g6 7. Be2 Bg7 8. O-O
O-O 9. Nhf3 dxc4 10. Nxc4 c5 11. dxc5 Qxd1 12. Rxd1 Ne4 13. Nd4 Bxc4 14. Bxc4
Rd8 15. Bd2 Nc6 16. Nxc6 bxc6 17. Ba5 Rxd1+ 18. Rxd1 Bxb2 19. Rd7 e6 20. Rc7
Nxc5 21. Rxc6 Nd7 22. f4 Ba3 23. Bc3 Bc5 24. Kf2 Bb6 25. Kf3 Rd8 26. Bb5 Nb8 27.
Rc4 f5 28. Bf6 Rd5 29. a4 Kf7 30. Bd4 Bxd4 31. exd4 a6 32. Rc7+ Kf8 33. Be2 Ke8
34. Rxh7 Nc6 35. Bxa6 Nxd4+ 36. Kg3 Ra5 37. Bc8 Kf8 38. Bd7 Kg8 39. Re7 Kf8 40.
Re8+ Kf7 41. Rb8 Ke7 42. Rb7 Ne2+ 43. Kf3 Nc3 44. h4 Kf6 45. Be8 e5 46. fxe5+
Kxe5 47. Rb3 Nd5 48. Rb5 Rxb5 49. Bxb5 Kf6 50. a5 g5 51. hxg5+ Kxg5 52. a6 1-0

[Event "7th Paleochora Open 2014"]
[Site "Paleochora GRE"]
[Date "2014.07.23"]
[Round "4.12"]
[White "Gavrilov, Alexei1"]
[Black "Tchantcev, Chaliko"]
[Result "1-0"]
[WhiteTitle "GM"]
[WhiteElo "2494"]
[BlackElo "2216"]
[WhiteFideId "4104358"]
[BlackFideId "4136551"]
[EventDate "2014.07.21"]

1. e4 c5 2. Nf3 e6 3. d4 d5 4. exd5 exd5 5. Nc3 Nc6 6. Bb5 Nf6 7. O-O Be7 8.
dxc5 O-O 9. Bg5 Bg4 10. h3 Bxf3 11. Qxf3 Nd4 12. Qd3 Ne6 13. Bxf6 Bxf6 14. c6
bxc6 15. Bxc6 Rc8 16. Qxd5 Qb6 17. Bd7 Rb8 18. Na4 Qa6 19. Rae1 Rfd8 20. b3 Nf8
21. Qc6 Qa5 22. Rd1 Qb4 23. Bf5 Qa3 24. Qc5 Qxa2 25. Qxa7 g6 26. Be4 Ne6 27. Rd5
Bd4 28. Rxd8+ Rxd8 29. Qe7 Kg7 30. g3 Bf6 31. Qb7 h5 32. h4 Rd4 33. Re1 Qa3 34.
Bd3 Qd6 35. Re4 Rxe4 36. Qxe4 Bd4 37. Qf3 Qe5 38. Be4 Nd8 39. c3 Ba7 40. Kg2 Qd6
41. Bd5 Qa3 42. c4 Qb4 43. Qc3+ Qxc3 44. Nxc3 1-0

[Event "7th Paleochora Open 2014"]
[Site "Paleochora GRE"]
[Date "2014.07.23"]
[Round "4.13"]
[White "Antic, Dejan"]
[Black "Michelakos, Panagiotis"]
[Result "1-0"]
[WhiteTitle "GM"]
[WhiteElo "2479"]
[BlackElo "2156"]
[WhiteFideId "901008"]
[BlackFideId "4216067"]
[EventDate "2014.07.21"]

1. d4 Nf6 2. c4 g6 3. Nc3 Bg7 4. e4 d6 5. Nf3 O-O 6. Be2 c5 7. O-O cxd4 8. Nxd4
Nc6 9. Be3 Bd7 10. Qd2 Nxd4 11. Bxd4 Bc6 12. f3 a5 13. b3 Nd7 14. Be3 Nc5 15.
Rab1 Qb6 16. Rfc1 Rfc8 17. Rc2 h5 18. Bf1 Kh7 19. g3 Qd8 20. Bg2 Qh8 21. Nd5
Bxd5 22. Qxd5 Qf8 23. f4 e6 24. Qd1 Qe7 25. Rd2 Rd8 26. Kh1 Bh6 27. e5 dxe5 28.
Bxc5 Qe8 29. Be3 exf4 30. Bxf4 Bxf4 31. gxf4 Qe7 32. Qe2 Rxd2 33. Qxd2 Rd8 34.
Qxa5 Rd4 35. Rf1 Qd7 36. Qb5 Qd6 37. c5 1-0

[Event "7th Paleochora Open 2014"]
[Site "Paleochora GRE"]
[Date "2014.07.23"]
[Round "4.14"]
[White "Naoum, Spyridon"]
[Black "Prasanna, Raghuram Rao"]
[Result "0-1"]
[BlackTitle "IM"]
[WhiteElo "2162"]
[BlackElo "2455"]
[WhiteFideId "4227506"]
[BlackFideId "5022401"]
[EventDate "2014.07.21"]

1. c4 e5 2. e3 c6 3. Nf3 e4 4. Nd4 Nf6 5. Nc3 d5 6. cxd5 cxd5 7. d3 exd3 8. Bxd3
Nc6 9. Bd2 Bd6 10. Ncb5 Be5 11. Bc3 O-O 12. Nxc6 Bxc3+ 13. Nxc3 bxc6 14. O-O Rb8
15. Qc2 Rb4 16. Rad1 Qd6 17. Bf5 Bxf5 18. Qxf5 Rxb2 19. e4 Qe6 20. Qxe6 fxe6 21.
exd5 cxd5 22. Rfe1 Rc8 23. Rd3 Kf7 24. a4 a6 25. h3 Rc4 26. Nd1 Rb1 27. Rde3
Rcc1 28. Rd3 Ne4 29. Kf1 Ra1 30. Ke2 Rxa4 31. Rf1 a5 32. f4 Ra2+ 33. Ke3 Rxg2
34. Kd4 Rd2 35. f5 Rxd3+ 36. Kxd3 Rxd1+ 0-1

[Event "7th Paleochora Open 2014"]
[Site "Paleochora GRE"]
[Date "2014.07.23"]
[Round "4.15"]
[White "Hakobyan, Aram"]
[Black "Lekic, Dusan"]
[Result "1/2-1/2"]
[WhiteTitle "FM"]
[BlackTitle "IM"]
[WhiteElo "2157"]
[BlackElo "2433"]
[WhiteFideId "13306677"]
[BlackFideId "905330"]
[EventDate "2014.07.21"]

1. d4 Nf6 2. c4 e6 3. Nc3 Bb4 4. Qc2 O-O 5. a3 Bxc3+ 6. Qxc3 Qe8 7. g3 d6 8. Bg2
Nbd7 9. Nf3 a5 10. b3 Ra7 11. O-O b6 12. Nd2 e5 13. e4 exd4 14. Qxd4 Qe5 15. Nf3
Qh5 16. Bb2 Bb7 17. Rfe1 Re8 18. e5 dxe5 19. Nxe5 Nxe5 20. Rxe5 Rxe5 21. Qxe5
Qxe5 22. Bxe5 Bxg2 23. Kxg2 Ne8 24. Rd1 f6 25. Rd8 Kf7 26. Bf4 Rb7 27. Kf3 a4
28. bxa4 Ra7 29. a5 Rxa5 30. Bxc7 Rxa3+ 31. Kg2 Rc3 32. Bxb6 Rxc4 33. Be3 g5 34.
h3 h5 35. Rd4 Rc7 36. g4 Ng7 37. gxh5 Nxh5 38. h4 1/2-1/2

[Event "7th Paleochora Open 2014"]
[Site "Paleochora GRE"]
[Date "2014.07.23"]
[Round "4.16"]
[White "Ahlander, Bjorn"]
[Black "Theodoulidis, Theodoros"]
[Result "0-1"]
[WhiteTitle "IM"]
[WhiteElo "2426"]
[BlackElo "2116"]
[WhiteFideId "1700251"]
[BlackFideId "4200810"]
[EventDate "2014.07.21"]

1. e4 c5 2. Nc3 a6 3. g3 b5 4. Bg2 Bb7 5. d3 e6 6. f4 Be7 7. Nf3 d6 8. O-O b4 9.
Ne2 Nf6 10. h3 Nc6 11. g4 d5 12. e5 Nd7 13. Ng3 Qc7 14. Be3 O-O 15. c4 Nb6 16.
Qe2 a5 17. Rac1 dxc4 18. dxc4 a4 19. Ne4 Na5 20. Nfd2 Rad8 21. g5 Nc6 22. Nf3
Nd4 23. Bxd4 Bxe4 24. Qxe4 cxd4 25. Rfd1 b3 26. axb3 axb3 27. Nxd4 Na4 28. Nc6
Rxd1+ 29. Rxd1 Nxb2 30. Ra1 Qb6+ 31. Kh1 Bc5 32. Ra5 Nxc4 33. Qxc4 b2 34. Rb5
b1=Q+ 35. Rxb1 Qxb1+ 36. Kh2 Qg1+ 37. Kg3 Qf2+ 38. Kh2 Qg1+ 39. Kg3 Qf2+ 40. Kh2
Be3 41. f5 Bf4+ 42. Kh1 Qg3 43. Kg1 exf5 44. Qb4 Qe3+ 45. Kf1 Bg3 46. Ne7+ Kh8
47. Ng6+ hxg6 0-1

[Event "7th Paleochora Open 2014"]
[Site "Paleochora GRE"]
[Date "2014.07.23"]
[Round "4.17"]
[White "Tzouganakis, Panteleimon"]
[Black "Swapnil, S. Dhopade"]
[Result "0-1"]
[BlackTitle "IM"]
[WhiteElo "2185"]
[BlackElo "2421"]
[WhiteFideId "4215826"]
[BlackFideId "5019184"]
[EventDate "2014.07.21"]

1. e4 c5 2. Nf3 d6 3. d4 cxd4 4. Nxd4 Nf6 5. Nc3 g6 6. Be3 Bg7 7. f3 O-O 8. Qd2
Nc6 9. Bc4 Bd7 10. O-O-O Rc8 11. Bb3 Nxd4 12. Bxd4 b5 13. Bxa7 b4 14. Ne2 Qa5
15. Bd4 Ba4 16. Bxa4 Qxa4 17. Kb1 Ra8 18. Nc1 Rfc8 19. c4 bxc3 20. Bxc3 Rab8 21.
Nb3 Ra8 22. Nc1 Rc5 23. g4 Rac8 24. Nb3 Rxc3 25. bxc3 Nd7 26. Rc1 Ne5 27. Rhd1
Nc4 28. Qd3 Na3+ 29. Kb2 Nb5 30. Rc2 Nxc3 31. Kc1 Nxa2+ 32. Kd2 Bc3+ 0-1

[Event "7th Paleochora Open 2014"]
[Site "Paleochora GRE"]
[Date "2014.07.23"]
[Round "4.18"]
[White "Papadopoulos, Panayotis"]
[Black "Svetushkin, Dmitry"]
[Result "0-1"]
[BlackTitle "GM"]
[WhiteElo "1992"]
[BlackElo "2557"]
[WhiteFideId "4222636"]
[BlackFideId "13900463"]
[EventDate "2014.07.21"]

1. d4 Nf6 2. Bf4 d5 3. e3 c5 4. c3 Nc6 5. Nd2 Bf5 6. Be2 e6 7. Ngf3 Be7 8. Ne5
Nd7 9. g4 Bg6 10. Nxg6 hxg6 11. Qb3 Qc8 12. O-O a6 13. e4 cxd4 14. exd5 Nc5 15.
Qd1 exd5 16. Bf3 Nd3 17. Bg3 Qd7 18. Qb3 Nde5 19. Qxd5 Nxf3+ 20. Qxf3 dxc3 21.
Qxc3 O-O 22. Ne4 Qxg4 23. f3 Qf5 24. Rad1 Rad8 25. Kg2 Qb5 26. Bc7 Qe2+ 27. Nf2
Bb4 28. Rxd8 Rxd8 29. Qc1 Rd2 30. Bg3 Rxb2 0-1

[Event "7th Paleochora Open 2014"]
[Site "Paleochora GRE"]
[Date "2014.07.23"]
[Round "4.19"]
[White "Kerkhof, Michel"]
[Black "David, Alberto"]
[Result "0-1"]
[BlackTitle "GM"]
[WhiteElo "1954"]
[BlackElo "2553"]
[WhiteFideId "1022563"]
[BlackFideId "4000013"]
[EventDate "2014.07.21"]

1. e4 c5 2. Nf3 e6 3. d4 cxd4 4. Nxd4 a6 5. Nc3 Qc7 6. Be2 Nf6 7. O-O d6 8. Kh1
b5 9. f4 Bb7 10. Bf3 Nbd7 11. Qe2 Rb8 12. a3 h5 13. Be3 e5 14. fxe5 dxe5 15. Nb3
Rc8 16. Rac1 Be7 17. Bg1 Nf8 18. Nd5 Bxd5 19. exd5 Ng6 20. Be4 Nxe4 21. Qxe4 O-O
22. Rf5 Qc4 23. Qxc4 bxc4 24. Na5 Rfd8 25. Rd1 Rd7 26. Rdf1 Nf4 27. Nc6 Bf6 28.
g3 Rxd5 29. R1xf4 exf4 30. Ne7+ Bxe7 31. Rxd5 fxg3 32. hxg3 Bf6 33. b3 cxb3 34.
cxb3 Rc3 35. Rxh5 Rxb3 36. Ra5 Rxg3 37. Rxa6 Rg4 38. Ra5 Bd4 39. Bxd4 Rxd4 40.
Kg2 Rd3 41. Ra8+ Kh7 42. Ra4 Kg6 43. Rg4+ Kf6 44. Ra4 g5 45. Ra6+ Kf5 46. Ra5+
Kg6 47. Ra6+ f6 48. Kf2 g4 49. a4 Ra3 50. a5 Kg5 51. Ra8 Kf4 52. a6 g3+ 0-1

[Event "7th Paleochora Open 2014"]
[Site "Paleochora GRE"]
[Date "2014.07.23"]
[Round "4.20"]
[White "Narayanan, Srinath"]
[Black "Hrisanthopoulos, Dimitrios"]
[Result "1-0"]
[WhiteTitle "IM"]
[WhiteElo "2419"]
[BlackElo "1997"]
[WhiteFideId "5018420"]
[BlackFideId "4200543"]
[EventDate "2014.07.21"]

1. e4 c5 2. Nf3 e6 3. d4 cxd4 4. Nxd4 Nc6 5. Nc3 Qc7 6. Be2 a6 7. O-O Nf6 8. Be3
Bb4 9. Na4 Be7 10. c4 Nxe4 11. c5 O-O 12. Rc1 Rb8 13. g3 Rd8 14. Bf3 Nf6 15. Qe2
Qa5 16. Nb6 e5 17. Nf5 d5 18. Nxe7+ Nxe7 19. Bd2 Qb5 20. Qxe5 Nc6 21. Qf4 Bh3
22. Rfd1 Be6 23. Bc3 d4 24. Bxc6 Qxc6 25. Bxd4 Bh3 26. f3 Ne8 27. Bf2 Nc7 28.
Rxd8+ Rxd8 29. Qh4 Ne6 30. Qxh3 Ng5 31. Qg2 Nxf3+ 32. Kh1 Rd2 33. Nc4 Re2 34.
Rc3 1-0

[Event "7th Paleochora Open 2014"]
[Site "Paleochora GRE"]
[Date "2014.07.23"]
[Round "4.21"]
[White "Reginato, Sabrina"]
[Black "Eggleston, David J"]
[Result "0-1"]
[BlackTitle "IM"]
[WhiteElo "1925"]
[BlackElo "2409"]
[WhiteFideId "825204"]
[BlackFideId "412120"]
[EventDate "2014.07.21"]

1. d4 Nf6 2. Nf3 e6 3. Bf4 b6 4. e3 Bb7 5. Bd3 Be7 6. h3 c5 7. c3 Ne4 8. Nbd2 f5
9. Bxe4 fxe4 10. Ng5 Bxg5 11. Qh5+ g6 12. Qxg5 Qxg5 13. Bxg5 d6 14. Nc4 Kd7 15.
Bf4 d5 16. Ne5+ Ke8 17. h4 Nd7 18. h5 g5 19. Nxd7 gxf4 20. Ne5 Rg8 21. Rh2 f3
22. g4 Ba6 23. Kd2 Ke7 24. Rg1 Rg5 25. Rh3 Be2 26. Rhg3 b5 27. b4 cxb4 28. cxb4
Bc4 29. Ra1 Rc8 30. Rgg1 a6 31. Rgc1 Rcg8 32. Rg1 Ke8 33. Kc3 R8g7 34. Kd2 Ra7
35. Kc3 Rc7 36. Kd2 Ke7 37. Rgc1 Kd6 38. Rg1 h6 39. Rgc1 Rxe5 40. dxe5+ Kxe5 41.
Rg1 Kf6 42. a3 e5 43. Rae1 Kg5 44. Rg3 Rd7 45. Rgg1 d4 46. Kc1 Be2 47. exd4 exd4
48. Kd2 Kf4 49. Rxe2 fxe2 50. Kxe2 d3+ 51. Kd2 Rc7 52. Kd1 Kf3 0-1

[Event "7th Paleochora Open 2014"]
[Site "Paleochora GRE"]
[Date "2014.07.23"]
[Round "4.22"]
[White "Papathanasiou, Elisavet"]
[Black "Michielsen, Joost"]
[Result "1/2-1/2"]
[BlackTitle "IM"]
[WhiteElo "1940"]
[BlackElo "2397"]
[WhiteFideId "4222687"]
[BlackFideId "1008790"]
[EventDate "2014.07.21"]

1. d4 Nf6 2. Nf3 d5 3. c4 dxc4 4. e3 e6 5. Bxc4 c5 6. O-O a6 7. a4 Nc6 8. Nc3
cxd4 9. exd4 Be7 10. Bf4 Nb4 11. Qb3 b6 12. Rad1 Bb7 13. Ne5 Nfd5 14. Bg3 O-O
15. Rfe1 Rc8 16. Nd3 a5 17. Re2 g6 18. Nxb4 Nxb4 19. h3 Bf6 20. d5 exd5 21. Nxd5
Nxd5 22. Bxd5 Bxd5 23. Rxd5 Rc1+ 24. Kh2 Qc8 25. Qxb6 Rc6 26. Qxa5 h5 27. Qd2
Rb6 28. Be5 Bxe5+ 29. Rdxe5 Qb8 30. g3 h4 31. a5 hxg3+ 32. fxg3 Rb3 33. R5e3 Rb5
34. Ra3 Rd8 35. Qc3 Rc8 36. Qf6 Rf5 37. Qe7 Rb5 38. Qf6 Rf5 39. Qd4 Rf1 40. Rc3
Rd8 41. Qc5 Qa8 42. Qc6 Qxa5 43. Rf3 Qe1 44. Rxf1 Qxe2+ 45. Qg2 Rd2 46. Qxe2
Rxe2+ 47. Kg1 Rxb2 1/2-1/2

[Event "7th Paleochora Open 2014"]
[Site "Paleochora GRE"]
[Date "2014.07.23"]
[Round "4.23"]
[White "Milosevic, Goran"]
[Black "Egorova, Ayyyna"]
[Result "1-0"]
[WhiteTitle "IM"]
[BlackTitle "WCM"]
[WhiteElo "2364"]
[BlackElo "1968"]
[WhiteFideId "1304119"]
[BlackFideId "24136611"]
[EventDate "2014.07.21"]

1. e4 Nf6 2. e5 Nd5 3. d4 d6 4. Bc4 Nb6 5. Bb3 dxe5 6. Qh5 e6 7. dxe5 a5 8. a4
Na6 9. Nf3 Nc5 10. Ba2 Bd7 11. Nc3 g6 12. Qg4 Nbxa4 13. Nxa4 Nxa4 14. Bg5 Be7
15. O-O Bxg5 16. Nxg5 Nxb2 17. Ne4 Bc6 18. Nf6+ Kf8 19. Qf4 Kg7 20. Rfb1 Na4 21.
Rd1 Qe7 22. Rd3 Nc5 23. Rh3 h5 24. Qg5 Nd7 25. Nxh5+ Kf8 26. Nf6 Rxh3 27. gxh3
Nxf6 28. exf6 Qd6 29. Re1 Bd7 30. h4 Ke8 31. h5 gxh5 32. Qxh5 Ra6 33. Re3 c5 34.
Qh8+ Qf8 35. Rh3 Bb5 1-0

[Event "7th Paleochora Open 2014"]
[Site "Paleochora GRE"]
[Date "2014.07.23"]
[Round "4.24"]
[White "Qwarfort, Fredrik"]
[Black "Malikentzos, Sotirios"]
[Result "0-1"]
[BlackTitle "FM"]
[WhiteElo "1911"]
[BlackElo "2352"]
[WhiteFideId "1701860"]
[BlackFideId "4215079"]
[EventDate "2014.07.21"]

1. d4 d5 2. c4 e6 3. Nf3 Nf6 4. g3 dxc4 5. a4 c5 6. Nc3 Nc6 7. dxc5 Qxd1+ 8.
Nxd1 Bxc5 9. Bg2 e5 10. O-O h6 11. Be3 Bb4 12. Rc1 Be6 13. Nc3 Ng4 14. Bd2 O-O-O
15. h3 Nf6 16. e3 Rd7 17. Nb1 e4 18. Nd4 Nxd4 19. exd4 Bxd2 20. Nxd2 Rxd4 21.
Nb3 Rd6 22. Na5 Kb8 23. Nxc4 Rd4 24. b3 Bxc4 25. Rxc4 Rxc4 26. bxc4 Rc8 27. Rc1
Rc5 28. Kf1 Kc7 29. Ke2 Kb6 30. Ke3 Ka5 31. Bxe4 Re5 32. f3 Nxe4 33. fxe4 f5 34.
Rb1 Rxe4+ 35. Kd3 Re7 36. Rb5+ Kxa4 37. Rxf5 a6 38. Rf1 Kb4 39. Rb1+ Kc5 40. Rf1
b5 41. cxb5 axb5 42. Rf4 Ra7 43. Rg4 g5 0-1

[Event "7th Paleochora Open 2014"]
[Site "Paleochora GRE"]
[Date "2014.07.23"]
[Round "4.25"]
[White "Chetrari, Nikita"]
[Black "Kang, Chuanqi"]
[Result "0-1"]
[BlackTitle "FM"]
[WhiteElo "1907"]
[BlackElo "2327"]
[WhiteFideId "13904647"]
[BlackFideId "8601453"]
[EventDate "2014.07.21"]

1. e4 c5 2. Nf3 e6 3. d4 cxd4 4. Nxd4 a6 5. Nc3 Qc7 6. Bd3 Nc6 7. Nxc6 bxc6 8.
O-O Nf6 9. f4 d5 10. e5 Nd7 11. Be3 c5 12. Bf2 c4 13. Be2 Rb8 14. Kh1 Bc5 15.
Bg3 O-O 16. f5 Bb7 17. Qd2 Kh8 18. Na4 Be7 19. f6 gxf6 20. exf6 Bd6 21. Bxd6
Qxd6 22. Bxc4 Rg8 23. Be2 Qe5 24. Rae1 Nxf6 25. Bd3 Ne4 26. Rxf7 Qh5 27. Qf4 e5
28. Rf5 exf4 29. Rxh5 f3 30. Nc5 Nf2+ 31. Kg1 Rxg2+ 32. Kf1 Ne4 33. Nxe4 dxe4
34. Bxe4 Bxe4 35. Rxe4 Rxb2 36. Rf5 Rxh2 37. Rfe5 Rb1+ 38. Re1 Rh1+ 39. Kf2
Rbxe1 40. Rxe1 Rxe1 41. Kxe1 Kg7 42. Kf2 Kf6 0-1

[Event "7th Paleochora Open 2014"]
[Site "Paleochora GRE"]
[Date "2014.07.23"]
[Round "4.26"]
[White "Markidis, Konstantinos"]
[Black "Skagseth, Havard M"]
[Result "1-0"]
[WhiteElo "2314"]
[BlackElo "1946"]
[WhiteFideId "4203500"]
[BlackFideId "1511572"]
[EventDate "2014.07.21"]

1. e4 c5 2. Nf3 d6 3. c3 Nf6 4. h3 g6 5. Bd3 Bg7 6. Bc2 Nc6 7. O-O O-O 8. d4 e5
9. dxe5 dxe5 10. Bg5 Be6 11. Nbd2 Qc7 12. Bb3 Rfe8 13. Bxe6 Rxe6 14. Bxf6 Rxf6
15. Nc4 Bh6 16. a4 Rd8 17. Qe2 Re6 18. Rfd1 Rxd1+ 19. Rxd1 Re8 20. Rd5 b6 21.
Qd3 Bg7 22. Rd7 Qc8 23. Qd5 Rf8 24. Ng5 Nd8 25. Rxa7 Qb8 26. Ra6 1-0